• 首页
  • 本馆介绍
  • 公告通知
  • 最新文献
  • 馆藏检索
  • 电子资源
  • 读者导购
  • 参考咨询
  • 我的图书馆
  • 登录
  • 详细信息显示
  • 放入我的书架
  • 预约/预借图书
  • 作者相关作品
  • 分类相关作品
  • 丛书相关作品
  • 出版社相关作品

书目信息

  • 表格格式
  • 工作单格式
  • 卡片格式
题名:
中国古代文化概说
    
 
作者: 马振亚 , 张振兴 编著
分册:  
出版信息: 长春   吉林大学出版社  1988.11
页数: 604页
开本: 19cm
丛书名:
单 册:
中图分类: G129
科图分类:
主题词: 文化事业--文化史--中国
电子资源:
ISBN: 7-5601-0149-6
000 00666nam0 2200229 45
001 0189004857
005 20050405085509.4
010    @a7-5601-0149-6@dCNY5.60
020    @aCN@b89004857
100    @a19900816d1988 m y0chiy0120 ea
101 0  @achi
102    @aCN@b220000
105    @ay z 000yy
200 10 @a中国古代文化概说@Azhong guo gu dai wen hua gai shuo@f马振亚,张振兴编著@Fma zhen ya , zhang zhen xing bian zhu
210    @a长春@c吉林大学出版社@d1988.11
215    @a604页@d19cm
606 0  @a文化事业@x文化史@x中国
690    @aG129@v3
701  0 @a马振亚@4编著
701  0 @a张振兴@4编著
801  0 @aCN@bNLC@c19900816
905    @f1@b221544@dG129@e4
    
    中国古代文化概说/马振亚,张振兴编著.-长春:吉林大学出版社,1988.11
    604页;19cm
    
    
    ISBN 7-5601-0149-6:CNY5.60
    
●
相关链接 在E读中查询图书 在五车中查询图书 在当当中查询图书 在豆瓣中查询图书


正题名:中国古代文化概说     索取号:G129/4         预约/预借

序号 登录号 条形码 馆藏地/架位号 状态 备注
1 0221544   000492595   第四借阅区/ [索取号:G129/4] 在馆    
2 0221545   202215450   第一样本阅览室/ [索取号:G129/4] 在馆    
唐山师范学院图书馆 欢迎您!
大连网信软件有限公司© 版权所有